| 000 | 01927nam a2200529 i 4500 | ||
|---|---|---|---|
| 001 | 37557 | ||
| 003 | KOSZ 005 | ||
| 005 | 20200508113649.0 | ||
| 008 | 200507s1999 pl a f 000 0 pol | ||
| 015 | _aUWD 1999/17806 | ||
| 020 | _a830112864X | ||
| 035 | _a991011734109705066 | ||
| 035 | _a(PL-WaBN)b13187429-48omnis_nlop | ||
| 035 | _ab13187429 | ||
| 035 | _a(OCoLC)749582924 | ||
| 035 | _a(PL)b0000001318742 | ||
| 035 | _a(EXLNZ-48OMNIS_NETWORK)9910182881905606 | ||
| 040 |
_aWA N _cWA N _dKOSZ 005/RW |
||
| 046 | _k1999 | ||
| 080 | _a624.04 | ||
| 080 | _a(075.8) | ||
| 100 | 1 |
_aJaworski, Kazimierz Maksymilian _d(1943-2007) _eAutor |
|
| 245 | 1 | 0 |
_aMetodologia projektowania realizacji budowy / _cKazimierz M. Jaworski. |
| 260 |
_aWarszawa : _bWydawnictwo Naukowe PWN, _c1999. |
||
| 300 |
_a480 stron : _brysunki, wykresy ; _c24 cm. |
||
| 336 |
_aTekst _btxt _2rdacontent |
||
| 337 |
_aBez urządzenia pośredniczącego _bn _2rdamedia |
||
| 338 |
_aWolumin _bnc _2rdacarrier |
||
| 380 | _aKsiążki | ||
| 380 | _aPublikacje fachowe | ||
| 380 | _aPublikacje dydaktyczne | ||
| 385 |
_mPoziom nauczana _aSzkoły wyższe |
||
| 388 | _a1901-2000 | ||
| 388 | _a1989-2000 | ||
| 504 | _aBibliografia na stronach [473]-480. | ||
| 521 | 8 | _aKsiążka jest przeznaczona dla studentów wydziałów budowlanych wyższych uczelni technicznych oraz inżynierów interesujących się nowoczesnymi technikami stosowanymi w projektowaniu i realizacji budowy. | |
| 650 | 7 |
_aBudownictwo _2DBN |
|
| 650 | 7 | _aMetody | |
| 650 | 7 | _aProjekty | |
| 650 | 7 |
_aDokumentacja budowy _2DBN |
|
| 655 | 7 | _aPodręczniki akademickie | |
| 658 | _aArchitektura i budownictwo | ||
| 710 | 2 |
_aWydawnictwo Naukowe PWN _4pbl |
|
| 856 |
_uhttp://koha.tu.koszalin.pl/cgi-bin/koha/opac-detail.pl?biblionumber=37557 _yKatalog online BPK |
||
| 942 |
_2UKD _cKS |
||
| 999 |
_c37557 _d37557 |
||